A history of Venetian architecture / (Record no. 26619)

000 -LEADER
fixed length control field 01476cam a2200349 a 4500
001 - CONTROL NUMBER
control field 2597647
003 - CONTROL NUMBER IDENTIFIER
control field OSt
005 - DATE AND TIME OF LATEST TRANSACTION
control field 20170206082943.0
008 - FIXED-LENGTH DATA ELEMENTS--GENERAL INFORMATION
fixed length control field 970414s1998 enkab b 001 0 eng
010 ## - LIBRARY OF CONGRESS CONTROL NUMBER
LC control number 97019201
020 ## - INTERNATIONAL STANDARD BOOK NUMBER
International Standard Book Number 0521573386 (hc)
040 ## - CATALOGING SOURCE
Original cataloging agency DLC
Transcribing agency DLC
Modifying agency DLC
041 1# - LANGUAGE CODE
Language code of text/sound track or separate title eng
Language code of original ita
043 ## - GEOGRAPHIC AREA CODE
Geographic area code e-it---
050 00 - LIBRARY OF CONGRESS CALL NUMBER
Classification number NA1121.V4
Item number C65613 1998
082 00 - DEWEY DECIMAL CLASSIFICATION NUMBER
Classification number 720/.945/31
Edition number 21
100 1# - MAIN ENTRY--PERSONAL NAME
Personal name Concina, Ennio.
240 10 - UNIFORM TITLE
Uniform title <a href="Storia dell'architettura di Venezia.">Storia dell'architettura di Venezia.</a>
Language of a work English
245 12 - TITLE STATEMENT
Title A history of Venetian architecture /
Statement of responsibility, etc. Ennio Concina ; translated by Judith Landry.
246 30 - VARYING FORM OF TITLE
Title proper/short title Venetian architecture
260 ## - PUBLICATION, DISTRIBUTION, ETC. (IMPRINT)
Place of publication, distribution, etc. Cambridge ;
-- New York :
Name of publisher, distributor, etc. Cambridge University Press,
Date of publication, distribution, etc. 1998.
300 ## - PHYSICAL DESCRIPTION
Extent 356 p. :
Other physical details ill. (some col.), maps ;
Dimensions 25 cm.
504 ## - BIBLIOGRAPHY, ETC. NOTE
Bibliography, etc Includes bibliographical references (p. 339-347) and indexes.
650 #0 - SUBJECT ADDED ENTRY--TOPICAL TERM
Topical term or geographic name as entry element Architecture
Geographic subdivision Italy
-- Venice.
651 #0 - SUBJECT ADDED ENTRY--GEOGRAPHIC NAME
Geographic name Venice (Italy)
General subdivision Buildings, structures, etc.
856 41 - ELECTRONIC LOCATION AND ACCESS
Materials specified Table of contents
Uniform Resource Identifier <a href="http://www.loc.gov/catdir/toc/cam023/97019201.html">http://www.loc.gov/catdir/toc/cam023/97019201.html</a>
856 42 - ELECTRONIC LOCATION AND ACCESS
Materials specified Publisher description
Uniform Resource Identifier <a href="http://www.loc.gov/catdir/description/cam028/97019201.html">http://www.loc.gov/catdir/description/cam028/97019201.html</a>
906 ## - LOCAL DATA ELEMENT F, LDF (RLIN)
a 7
b cbc
c orignew
d 1
e ocip
f 19
g y-gencatlg
942 ## - ADDED ENTRY ELEMENTS (KOHA)
Source of classification or shelving scheme
Koha item type Hard Covered Materials
Classification part NA 1121 .V4C65613 1998
Holdings
Withdrawn status Lost status Source of classification or shelving scheme Damaged status Not for loan Home library Current library Shelving location Date acquired Source of acquisition Total Checkouts Full call number Barcode Date last seen Price effective from Koha item type
          MACHAKOS UNIVERSITY LIBRARY MACHAKOS UNIVERSITY LIBRARY Technical section 06/02/2017 Donation(B.F.A)   NA 1121 .V4C65613 1998 34388 07/07/2018 06/02/2017 Hard Covered Materials
© Machakos University Library, Along The Highway, Machakos Wote Rd, Machakos, Kenya P.O. Box 136 - 90100 Machakos - Kenya

Tel: ( +254 ) 723 805829 OR Fax : 044-20353 OR Email: library@mksu.ac.ke